000
00281 a2200145 4500
001
168131
020
_a
040
_c
Magnum
100
_a
Lewin, Roger
240
1
0
_a
Evolucao humana
_l
por
245
1
0
_a
Evolucao humana
362
0
_a
1899
697
_a
EVOLUCOES
942
_c
BK
999
_c
168131
_d
168131